[Event "Lignano Bella Italia op 1st"]
[Site "Lignano Sabbiadoro"]
[Date "2022.08.18"]
[Round "3"]
[White "Arana Garate, Jon"]
[Black "Urbani, Gabriel"]
[Result "0-1"]
[WhiteElo "1933"]
[BlackElo "2046"]
[PlyCount "51"]
[EventDate "2022.08.18"]
[EventType "swiss"]
[EventRounds "9"]
[EventCountry "ITA"]
[SourceTitle "CBM 210 Extra"]
[Source "ChessBase"]
[SourceDate "2022.11.30"]
[SourceVersion "1"]
[SourceVersionDate "2022.11.30"]
[SourceQuality "1"]

1. d4 d5 2. Bf4 Nf6 3. e3 c5 4. c3 Qb6 5. Qb3 c4 6. Qc2 Nc6 7. Nd2 Bg4 8. e4 e6 9. exd5 exd5 10. Be2 Bxe2 11. Nxe2 Ne7 12. 0-0 Ng6 13. Be5 Be7 14. Nf3 0-0 15. Ng3 Rfe8 16. Rfe1 Bf8 17. Bxf6 Qxf6 18. Kf1 Nf4 19. Ne5 Bd6 20. Ng4 Qh4 21. f3 Nd3 22. Rxe8+ Rxe8 23. Nf2 Qxh2 24. Nf5 Nf4 25. Nh4 Qxh4 26. g3 0-1

[Event "Gipuzkoa-ch A"]
[Site "Azpeitia"]
[Date "2019.11.30"]
[Round "7"]
[White "Arana Garate, Jon"]
[Black "Benaito Villagarcia, Mikel"]
[Result "1-0"]
[WhiteElo "1949"]
[BlackElo "1662"]
[PlyCount "141"]
[EventDate "2019.10.19"]
[EventType "swiss"]
[EventRounds "7"]
[EventCountry "ESP"]
[SourceTitle "EXT 2024"]
[Source "ChessBase"]
[SourceDate "2023.10.10"]
[SourceVersion "1"]
[SourceVersionDate "2023.10.10"]
[SourceQuality "1"]

1. d4 Nf6 2. Bf4 d5 3. e3 Bf5 4. c4 e6 5. Qb3 b6 6. Nc3 Bd6 7. Bg5 c6 8. Nf3 h6 9. Bh4 Nbd7 10. cxd5 exd5 11. Rc1 Rc8 12. Ba6 Rc7 13. 0-0 0-0 14. Bg3 Nb8 15. Be2 Bxg3 16. hxg3 Nbd7 17. Qa3 Re8 18. Rfd1 Be4 19. b4 b5 20. Qa5 Bxf3 21. gxf3 Nb6 22. a4 bxa4 23. Nxa4 Nxa4 24. Qxa4 Qd6 25. Qa5 Nh5 26. Kg2 Re6 27. f4 Nf6 28. Bf3 Rb7 29. Rb1 Nd7 30. Qd8+ Kh7 31. Bg4 Rb8 32. Qa5 Re7 33. Bf5+ g6 34. Bd3 Nf6 35. Rdc1 Rb6 36. b5 cxb5 37. Rxb5 Ra6 38. Rxd5 Qe6 39. Qxa6 Qxd5+ 40. Kg1 Ng4 41. Qc6 Qa2 42. Rc2 Qa5 43. Kg2 Qh5 44. Kf1 Qh3+ 45. Qg2 Qh5 46. Rc5 f5 47. Be2 Qh2 48. Qxh2 Nxh2+ 49. Kg2 Ng4 50. Bxg4 fxg4 51. d5 Rd7 52. e4 Kg7 53. f3 gxf3+ 54. Kxf3 Kf7 55. e5 Rb7 56. Rc3 a5 57. Ke3 a4 58. Kd4 g5 59. fxg5 hxg5 60. Ra3 Rb4+ 61. Kc5 Rb3 62. Rxa4 Rxg3 63. Ra7+ Kg6 64. Ra6+ Kf5 65. e6 Re3 66. Kd6 g4 67. Ra8 g3 68. Rf8+ Kg6 69. e7 Kg5 70. e8Q Rxe8 71. Rxe8 1-0

[Event "Gipuzkoa-ch A"]
[Site "Azpeitia"]
[Date "2019.11.09"]
[Round "4"]
[White "Lertxundi Azpiazu, Jon"]
[Black "Arana Garate, Jon"]
[Result "1/2-1/2"]
[WhiteElo "1863"]
[BlackElo "1949"]
[PlyCount "92"]
[EventDate "2019.10.19"]
[EventType "swiss"]
[EventRounds "7"]
[EventCountry "ESP"]
[SourceTitle "EXT 2024"]
[Source "ChessBase"]
[SourceDate "2023.10.10"]
[SourceVersion "1"]
[SourceVersionDate "2023.10.10"]
[SourceQuality "1"]

1. d4 Nf6 2. c4 e6 3. Nc3 Bb4 4. Qc2 0-0 5. Nf3 c5 6. dxc5 Na6 7. Bg5 Nxc5 8. a3 Bxc3+ 9. Qxc3 Nce4 10. Qc2 Nxg5 11. Nxg5 b6 12. e3 Bb7 13. Bd3 h6 14. Nf3 Rc8 15. 0-0 d5 16. Rfd1 Rc7 17. Rac1 Qa8 18. Qe2 Rfc8 19. Rc2 dxc4 20. Rxc4 Bd5 21. Rxc7 Rxc7 22. Ne1 Rc5 23. Rd2 Bb7 24. f3 Nd5 25. Kf2 Qb8 26. g3 Qe5 27. Be4 Qh5 28. Kg2 f5 29. Bxd5 Bxd5 30. Nd3 Bc4 31. Qd1 Bxd3 32. Rxd3 Qg5 33. Qd2 Qe7 34. Rd8+ Kh7 35. Rd7 Rc2 36. Qxc2 Qxd7 37. Kf2 Qd5 38. Ke2 a5 39. Qd3 Qc6 40. e4 Qc1 41. Qd2 Qg1 42. Kd3 fxe4+ 43. Kxe4 Qc5 44. Qd3 Qc6+ 45. Ke3+ Kg8 46. Kd2 Kf7 1/2-1/2

[Event "San Sebastian op 42nd"]
[Site "San Sebastian"]
[Date "2019.04.15"]
[Round "4"]
[White "Safranska, Anda"]
[Black "Arana Garate, Jon"]
[Result "1-0"]
[WhiteElo "2167"]
[BlackElo "1944"]
[PlyCount "75"]
[EventDate "2019.04.13"]
[EventType "swiss"]
[EventRounds "9"]
[EventCountry "ESP"]
[SourceTitle "CBM 189 Extra"]
[Source "ChessBase"]
[SourceDate "2019.05.31"]
[SourceVersion "1"]
[SourceVersionDate "2019.05.31"]
[SourceQuality "1"]

1. Nf3 Nf6 2. g3 d5 3. d3 c6 4. Bg2 Nbd7 5. Nbd2 e5 6. e4 Bc5 7. 0-0 0-0 8. Nh4 Re8 9. Re1 Nf8 10. h3 Bd7 11. Nb3 Bb6 12. Qe2 dxe4 13. dxe4 h6 14. a4 Qc8 15. a5 Bd8 16. Kh2 g5 17. Nf3 Bc7 18. Nc5 Ne6 19. Nxd7 Qxd7 20. Kg1 Kg7 21. Bd2 Nd4 22. Nxd4 exd4 23. Qd3 Rad8 24. b4 Qe6 25. Kh1 Nd7 26. f4 gxf4 27. gxf4 c5 28. b5 Rg8 29. c4 Qg6 30. Rg1 Kh8 31. Bf3 Qe6 32. Bg4 Qe7 33. Qf3 Rg7 34. Bf5 Rxg1+ 35. Rxg1 Nf6 36. e5 Ng8 37. Qxb7 Bxa5 38. Qg2 1-0

[Event "San Sebastian op 42nd"]
[Site "San Sebastian"]
[Date "2019.04.14"]
[Round "2"]
[White "Alonso Arburu, Juan Ignacio"]
[Black "Arana Garate, Jon"]
[Result "1-0"]
[WhiteElo "2341"]
[BlackElo "1944"]
[PlyCount "81"]
[EventDate "2019.04.13"]
[EventType "swiss"]
[EventRounds "9"]
[EventCountry "ESP"]
[SourceTitle "CBM 189 Extra"]
[Source "ChessBase"]
[SourceDate "2019.05.31"]
[SourceVersion "1"]
[SourceVersionDate "2019.05.31"]
[SourceQuality "1"]

1. e4 c6 2. d4 d5 3. exd5 cxd5 4. Bd3 Nc6 5. c3 Nf6 6. Bf4 Bg4 7. Qb3 Qb6 8. Qxb6 axb6 9. h3 Bh5 10. Nd2 e6 11. Ngf3 Bg6 12. Bb5 Nd7 13. Nh4 Bc2 14. 0-0 h6 15. Bg3 Be7 16. f4 Bd6 17. Nhf3 0-0 18. Ne5 Ndxe5 19. fxe5 Be7 20. a3 Na5 21. Rac1 Bg6 22. Bf4 Rfc8 23. Be2 Rc7 24. Rf2 Nc4 25. Nxc4 dxc4 26. Bf3 Ra5 27. Kh2 Rd7 28. Re1 Bf5 29. g4 Bh4 30. Bg3 Bxg3+ 31. Kxg3 Bd3 32. h4 Kh7 33. h5 Re7 34. Bh1 Kg8 35. Kh4 Ra8 36. Rg1 Rf8 37. g5 hxg5+ 38. Rxg5 Bf5 39. Rf4 g6 40. d5 exd5 41. Rfxf5 1-0

[Event "Elgoibar Danobat U2200 op 1st"]
[Site "Elgoibar"]
[Date "2018.11.08"]
[Round "4"]
[White "Hernando Casas, Jose Manuel"]
[Black "Arana Garate, Jon"]
[Result "0-1"]
[WhiteElo "1972"]
[BlackElo "1934"]
[PlyCount "74"]
[EventDate "2018.09.27"]
[EventType "swiss"]
[EventRounds "7"]
[EventCountry "ESP"]
[SourceTitle "EXT 2020"]
[Source "ChessBase"]
[SourceDate "2019.10.17"]
[SourceVersion "1"]
[SourceVersionDate "2019.10.17"]
[SourceQuality "1"]

1. e4 c6 2. d4 d5 3. e5 c5 4. dxc5 Nc6 5. Nf3 Bg4 6. Bb5 e6 7. Bxc6+ bxc6 8. Be3 Rb8 9. Bd4 Nh6 10. Nbd2 Nf5 11. Nb3 Bxf3 12. gxf3 a5 13. a4 Qg5 14. Qd2 Qxd2+ 15. Kxd2 Rxb3 16. cxb3 Nxd4 17. Kc3 Bxc5 18. f4 Kd7 19. Rad1 Ne2+ 20. Kc2 Nxf4 21. f3 Rb8 22. Rd2 Be3 23. Rdd1 Ng6 24. Rhe1 Bf4 25. Re2 Bxe5 26. Rf1 Kd6 27. Rg2 Rb4 28. Rg4 Nf4 29. Re1 c5 30. Rg5 Bxb2 31. Rg4 Bf6 32. Rd1 h5 33. Rgg1 Ne2 34. Rge1 Nd4+ 35. Rxd4 Rxd4 36. Rg1 Rh4 37. Rg2 g6 0-1

[Event "Elgoibar Danobat U2200 op 1st"]
[Site "Elgoibar"]
[Date "2018.10.11"]
[Round "2"]
[White "Arrillaga Romero, Oscar"]
[Black "Arana Garate, Jon"]
[Result "0-1"]
[WhiteElo "1837"]
[BlackElo "1934"]
[PlyCount "94"]
[EventDate "2018.09.27"]
[EventType "swiss"]
[EventRounds "7"]
[EventCountry "ESP"]
[SourceTitle "EXT 2020"]
[Source "ChessBase"]
[SourceDate "2019.10.17"]
[SourceVersion "1"]
[SourceVersionDate "2019.10.17"]
[SourceQuality "1"]

1. e4 c6 2. d4 d5 3. Nc3 dxe4 4. Nxe4 Bf5 5. Ng3 Bg6 6. Nf3 Nd7 7. h4 h6 8. h5 Bh7 9. Bf4 e6 10. Bd3 Bxd3 11. Qxd3 Ngf6 12. 0-0-0 Be7 13. Kb1 0-0 14. c4 Qa5 15. Ne5 Rfd8 16. Ne4 Nxe4 17. Qxe4 Nxe5 18. Bxe5 f6 19. Qg4 fxe5 20. Qxe6+ Kf8 21. Rd3 e4 22. Qxe4 Bf6 23. Qh7 Re8 24. Re3 Rxe3 25. fxe3 Re8 26. Rf1 Qxh5 27. e4 Qe2 28. Rxf6+ gxf6 29. Qxh6+ Ke7 30. Qg7+ Kd8 31. Qxf6+ Kc8 32. Qf5+ Kb8 33. Qf4+ Ka8 34. e5 Qd1+ 35. Qc1 Qxd4 36. a3 Qxe5 37. Ka2 Qe2 38. Qf4 Qxg2 39. Qf7 Qg8 40. Qf4 Qe6 41. a4 a6 42. a5 Qe5 43. Qd2 Qc5 44. b3 Rf8 45. Qc3 Rf2+ 46. Kb1 Rh2 47. Qg3 Qf2 0-1

[Event "San Sebastian op 40th"]
[Site "San Sebastian"]
[Date "2017.04.09"]
[Round "2"]
[White "Srienz, Christian"]
[Black "Arana Garate, Jon"]
[Result "1-0"]
[WhiteElo "2196"]
[BlackElo "1920"]
[PlyCount "53"]
[EventDate "2017.04.08"]
[EventType "swiss"]
[EventRounds "9"]
[EventCountry "ESP"]
[SourceTitle "CBM 177 Extra"]
[Source "ChessBase"]
[SourceDate "2017.04.27"]
[SourceVersion "1"]
[SourceVersionDate "2017.04.27"]
[SourceQuality "1"]

1. c4 e6 2. Nf3 Nf6 3. g3 d5 4. Bg2 Be7 5. 0-0 0-0 6. b3 c5 7. Bb2 d4 8. b4 Qb6 9. d3 Qxb4 10. Ba3 Qa5 11. Nxd4 cxd4 12. Bxe7 Re8 13. Bxf6 gxf6 14. e3 dxe3 15. fxe3 Qe5 16. Qd2 Nc6 17. Nc3 a6 18. d4 Rd8 19. Ne4 Nxd4 20. exd4 Rxd4 21. Qf4 Qxf4 22. Rxf4 Kg7 23. Rg4+ Kh6 24. Nxf6 Rd2 25. Ng8+ Kh5 26. Bf3 Rd3 27. h4 1-0

[Event "Gipuzkoa-ch Primera"]
[Site "Bergara"]
[Date "2016.11.12"]
[Round "5"]
[White "Olaizola Ortega, Luis"]
[Black "Arana Garate, Jon"]
[Result "1-0"]
[WhiteElo "2136"]
[BlackElo "1912"]
[PlyCount "91"]
[EventDate "2016.10.15"]
[EventType "swiss"]
[EventRounds "7"]
[EventCountry "ESP"]
[SourceTitle "EXT 2024"]
[Source "ChessBase"]
[SourceDate "2023.10.10"]
[SourceVersion "1"]
[SourceVersionDate "2023.10.10"]
[SourceQuality "1"]

1. c4 Nf6 2. Nf3 g6 3. g3 Bg7 4. Bg2 0-0 5. 0-0 d6 6. Nc3 Nbd7 7. d4 c6 8. e4 e5 9. h3 Qc7 10. Be3 Re8 11. Qc2 Nf8 12. Rfd1 Bd7 13. c5 exd4 14. cxd6 Qc8 15. Rxd4 Bxh3 16. e5 Bxg2 17. Kxg2 N6d7 18. Rad1 Bxe5 19. Nxe5 Rxe5 20. Rh4 Qe8 21. Bd4 Re1 22. Rxe1 Qxe1 23. Re4 Qa1 24. Qd2 Ne6 25. Re1 Qxe1 26. Qxe1 Nxd4 27. Qe7 Nf8 28. Ne4 Nf5 29. Nf6+ Kg7 30. Qe5 Ne6 31. g4 Nh4+ 32. Kg3 g5 33. Ne4+ Kg8 34. Nxg5 Ng6 35. Qf6 Nxg5 36. Qxg5 Kf8 37. f4 Kg7 38. f5 f6 39. Qe3 Ne5 40. g5 Rg8 41. Qxa7 Kh8 42. Kf4 Rxg5 43. Qxb7 Rg4+ 44. Ke3 Nc4+ 45. Kf2 Rd4 46. d7 1-0

[Event "Gipuzkoa-ch Primera"]
[Site "Bergara"]
[Date "2016.10.22"]
[Round "2"]
[White "Alfaro Garcia del Cerro, Juan L"]
[Black "Arana Garate, Jon"]
[Result "0-1"]
[WhiteElo "2072"]
[BlackElo "1912"]
[PlyCount "92"]
[EventDate "2016.10.15"]
[EventType "swiss"]
[EventRounds "7"]
[EventCountry "ESP"]
[SourceTitle "EXT 2024"]
[Source "ChessBase"]
[SourceDate "2023.10.10"]
[SourceVersion "1"]
[SourceVersionDate "2023.10.10"]
[SourceQuality "1"]

1. Nf3 Nf6 2. c4 e6 3. g3 Be7 4. Bg2 0-0 5. 0-0 c5 6. Nc3 Nc6 7. d4 d6 8. d5 exd5 9. cxd5 Nb8 10. Nd2 Nbd7 11. h3 Rb8 12. a4 b6 13. Nc4 a6 14. Bf4 Ne8 15. e4 g5 16. Be3 Ne5 17. Na3 Bf6 18. f4 gxf4 19. gxf4 Ng6 20. Nc4 Nh4 21. Qh5 Kh8 22. e5 Nxg2 23. Kxg2 Ng7 24. Qh6 Nf5 25. Qxf6+ Qxf6 26. exf6 b5 27. Nxd6 Nxe3+ 28. Kf2 Nxf1 29. Rxf1 bxa4 30. Rg1 Rxb2+ 31. Ke3 Rb3 32. Kd2 a3 33. Nce4 h6 34. Kc2 Rb4 35. h4 Rxe4 36. Nxe4 Bf5 37. Re1 Re8 38. d6 Bxe4+ 39. Kb3 Bd5+ 40. Kxa3 Rd8 41. Rc1 c4 42. Kb4 Rxd6 43. Kc5 Rd8 44. Rd1 c3 45. Rc1 c2 46. h5 Bf3 0-1

[Event "San Sebastian op 38th"]
[Site "San Sebastian"]
[Date "2015.04.01"]
[Round "6"]
[White "Martikorena Endara, Patxi"]
[Black "Arana Garate, Jon"]
[Result "0-1"]
[WhiteElo "1682"]
[BlackElo "1859"]
[PlyCount "62"]
[EventDate "2015.03.28"]
[EventType "swiss"]
[EventRounds "9"]
[EventCountry "ESP"]
[SourceTitle "CBM 165 Extra"]
[Source "ChessBase"]
[SourceDate "2015.04.21"]
[SourceVersion "1"]
[SourceVersionDate "2015.04.21"]
[SourceQuality "1"]

1. e4 d6 2. d4 Nf6 3. Nc3 g6 4. Be3 c6 5. Qd2 Nbd7 6. Bd3 b5 7. a3 Nb6 8. Nge2 Bb7 9. b3 Qc7 10. f3 a6 11. Bg5 h6 12. Bh4 Bg7 13. 0-0 e5 14. dxe5 dxe5 15. Qe3 0-0 16. Bxf6 Bxf6 17. Qxh6 Nd7 18. f4 Bg7 19. Qg5 c5 20. Nd5 Bxd5 21. exd5 c4 22. Be4 Nf6 23. Ng3 exf4 24. Rxf4 Nh7 25. Qg4 Bxa1 26. Nf5 Bg7 27. d6 Qc5+ 28. Kh1 gxf5 29. Rxf5 Qxd6 30. Rd5 Qh6 31. h3 Nf6 0-1

[Event "Donostia Spring op 10th"]
[Site "Donostia"]
[Date "2014.06.07"]
[Round "5.7"]
[White "Sanchez Ruesga, Carlos"]
[Black "Arana Garate, Jon"]
[Result "0-1"]
[WhiteElo "1776"]
[BlackElo "1905"]
[PlyCount "122"]
[EventDate "2014.05.10"]
[EventType "swiss"]
[EventRounds "7"]
[EventCountry "ESP"]
[SourceTitle "EXT 2024"]
[Source "ChessBase"]
[SourceDate "2023.10.10"]
[SourceVersion "1"]
[SourceVersionDate "2023.10.10"]
[SourceQuality "1"]

1. e4 d6 2. d4 Nf6 3. Nc3 g6 4. Nf3 Bg7 5. Bc4 0-0 6. 0-0 Nxe4 7. Bxf7+ Rxf7 8. Nxe4 h6 9. h3 Qf8 10. Nh4 g5 11. Bxg5 hxg5 12. Ng6 Qe8 13. Qh5 Rf6 14. Nxf6+ Bxf6 15. Nxe7+ Qxe7 16. Rae1 Be6 17. d5 Qf7 18. Qe2 Bxd5 19. Qe8+ Kg7 20. b3 Bc6 21. Qc8 Qd7 22. Qxd7+ Nxd7 23. f4 gxf4 24. Rxf4 Ne5 25. a4 Rf8 26. Ref1 Be7 27. Rxf8 Bxf8 28. g4 Nf3+ 29. Kf2 Be7 30. Kg3 Bh4+ 31. Kf4 Nd4 32. Rd1 Nxc2 33. Rd2 Nb4 34. Rd4 Nd5+ 35. Kf5 Bd7+ 36. Ke4 c6 37. Kf3 Be6 38. Re4 Kf6 39. b4 Bg5 40. b5 Nb6 41. Rd4 Ke5 42. Rd1 Nxa4 43. bxc6 bxc6 44. Re1+ Kf6 45. Ra1 Bb3 46. Ra3 Bd1+ 47. Kg3 Ke5 48. h4 Bf4+ 49. Kh3 c5 50. Ra1 Bc2 51. Re1+ Be4 52. Ra1 Bc6 53. Re1+ Kd4 54. h5 c4 55. Rf1 Ke5 56. Kh4 c3 57. g5 Be4 58. g6 c2 59. g7 Bh7 60. Rg1 c1Q 61. g8Q Bxg8 0-1

[Event "Donostia Gipuzkoa-ch"]
[Site "San Sebastian"]
[Date "2013.10.05"]
[Round "1"]
[White "Parron Luceno, David"]
[Black "Arana Garate, Jon"]
[Result "0-1"]
[WhiteElo "1582"]
[BlackElo "1906"]
[PlyCount "56"]
[EventDate "2013.10.05"]
[EventType "swiss"]
[EventRounds "7"]
[EventCountry "ESP"]
[SourceTitle "EXT 2015"]
[Source "ChessBase"]
[SourceDate "2014.11.20"]
[SourceVersion "1"]
[SourceVersionDate "2014.11.20"]
[SourceQuality "1"]

1. Nf3 Nf6 2. b4 g6 3. Bb2 Bg7 4. d3 0-0 5. e4 d6 6. Nbd2 a5 7. b5 c6 8. a4 cxb5 9. axb5 Qb6 10. d4 Nbd7 11. Bd3 e5 12. dxe5 Nxe5 13. Nxe5 dxe5 14. Bxe5 Ng4 15. Bg3 Bxa1 16. Qxa1 Qf6 17. e5 Qe7 18. 0-0 f5 19. f3 Ne3 20. Re1 Nd5 21. Qd4 Be6 22. c4 Nb4 23. Bb1 Rfd8 24. Qc3 Rac8 25. Bf4 Nd5 26. Qd4 Qh4 27. g3 Nxf4 28. Qxd8+ Qxd8 0-1

[Event "Plancoet op-A 10th"]
[Site "Plancoet"]
[Date "2013.07.30"]
[Round "3"]
[White "Arana Garate, Jon"]
[Black "Tirard, Hugo"]
[Result "0-1"]
[WhiteElo "1858"]
[BlackElo "2421"]
[PlyCount "72"]
[EventDate "2013.07.28"]
[EventType "swiss"]
[EventRounds "9"]
[EventCountry "FRA"]
[SourceTitle "EXT 2017"]
[Source "ChessBase"]
[SourceDate "2016.10.25"]
[SourceVersion "1"]
[SourceVersionDate "2016.10.25"]
[SourceQuality "1"]

1. d4 Nf6 2. Nf3 g6 3. Bf4 Bg7 4. h3 0-0 5. e3 d6 6. Be2 Nc6 7. 0-0 Nd7 8. c3 e5 9. dxe5 dxe5 10. Bg3 Qe7 11. e4 Nc5 12. Nbd2 a5 13. Bc4 Ne6 14. Re1 f6 15. Nf1 Ncd8 16. Ne3 Qc5 17. Qd5 Qb6 18. Re2 Nf7 19. Rd2 c6 20. Qd3 Qc7 21. a4 Kh8 22. Qc2 Qe7 23. Rb1 Nc5 24. Rbd1 Bh6 25. Re2 Nd6 26. Ng4 Bxg4 27. hxg4 Nxc4 28. b3 Nd6 29. g5 Bxg5 30. Nxg5 fxg5 31. b4 axb4 32. cxb4 Ncxe4 33. Rxd6 Nxg3 34. Red2 Ne2+ 35. Kf1 Nd4 36. Qc5 Nb3 0-1

[Event "Donostia Spring op 09th"]
[Site "Donostia"]
[Date "2013.06.01"]
[Round "8"]
[White "Arana Garate, Jon"]
[Black "Hernandez Lopez, Daniel"]
[Result "1/2-1/2"]
[WhiteElo "1857"]
[BlackElo "1943"]
[PlyCount "98"]
[EventDate "2013.04.19"]
[EventType "swiss"]
[EventRounds "8"]
[EventCountry "ESP"]
[SourceTitle "EXT 2024"]
[Source "ChessBase"]
[SourceDate "2023.10.10"]
[SourceVersion "1"]
[SourceVersionDate "2023.10.10"]
[SourceQuality "1"]

1. d4 Nf6 2. Nf3 g6 3. Bf4 Bg7 4. e3 d5 5. h3 0-0 6. Be2 b6 7. 0-0 c5 8. a4 Bb7 9. c3 Nbd7 10. Ne5 Nxe5 11. Bxe5 Rc8 12. Nd2 Nd7 13. Bxg7 Kxg7 14. f4 e6 15. Qe1 Qe7 16. Qg3 f6 17. Nf3 Rce8 18. Bb5 Qd6 19. Qh4 Bc6 20. g4 e5 21. dxe5 fxe5 22. Bxc6 Qxc6 23. fxe5 Nxe5 24. Nxe5 Rxf1+ 25. Rxf1 Rxe5 26. Qf2 Qe8 27. Qf6+ Kg8 28. Qd6 Qe7 29. Qxe7 Rxe7 30. Rf3 Re4 31. b3 a5 32. Kf2 c4 33. Rf6 cxb3 34. Rxb6 Rxa4 35. Rxb3 Ra2+ 36. Kg3 a4 37. Rb5 Rc2 38. Rxd5 Rxc3 39. Kf4 Rc4+ 40. Ke5 a3 41. Ra5 Rc3 42. Kd4 Rb3 43. Ra7 g5 44. Ra5 h6 45. Ra7 Kf8 46. Ke4 Kg8 47. Kd4 Kf8 48. Ke4 Kg8 49. Kd4 Kf8 1/2-1/2

[Event "Donostia Spring op 09th"]
[Site "Donostia"]
[Date "2013.05.25"]
[Round "7"]
[White "Miguelez Garcia, Erlantz"]
[Black "Arana Garate, Jon"]
[Result "1-0"]
[WhiteElo "1996"]
[BlackElo "1857"]
[PlyCount "87"]
[EventDate "2013.04.19"]
[EventType "swiss"]
[EventRounds "8"]
[EventCountry "ESP"]
[SourceTitle "EXT 2024"]
[Source "ChessBase"]
[SourceDate "2023.10.10"]
[SourceVersion "1"]
[SourceVersionDate "2023.10.10"]
[SourceQuality "1"]

1. c4 Nf6 2. Nc3 e6 3. e4 d6 4. d4 Nbd7 5. Nf3 h6 6. Be2 e5 7. 0-0 Be7 8. h3 0-0 9. Be3 c6 10. Qc2 Qc7 11. Rac1 Re8 12. Rfd1 Nf8 13. d5 Ng6 14. dxc6 bxc6 15. c5 dxc5 16. Na4 Nf4 17. Bc4 Nd7 18. a3 Kh8 19. Bxf7 Rf8 20. Ba2 Nxh3+ 21. Kh2 Nf4 22. Nxc5 Nf6 23. Bxf4 Ng4+ 24. Kg1 Rxf4 25. Ne6 Bxe6 26. Bxe6 Nf6 27. Qxc6 Qxc6 28. Rxc6 Rxe4 29. Rc7 Bf8 30. Bc8 Rf4 31. Nxe5 Ne8 32. Rc6 Kh7 33. Rd7 Nf6 34. Rd8 Be7 35. Rd3 Rb8 36. b4 Rb5 37. g3 Rfxb4 38. axb4 Rxe5 39. Rb3 Rb5 40. Rc7 Rxb4 41. Bf5+ Kg8 42. Be6+ Kf8 43. Rc8+ Ne8 44. Rxb4 1-0

[Event "Donostia Spring op 09th"]
[Site "Donostia"]
[Date "2013.04.27"]
[Round "3"]
[White "Arana Garate, Jon"]
[Black "Ros Eskisabel, Jose Ramon"]
[Result "0-1"]
[WhiteElo "1857"]
[BlackElo "2121"]
[PlyCount "128"]
[EventDate "2013.04.19"]
[EventType "swiss"]
[EventRounds "8"]
[EventCountry "ESP"]
[SourceTitle "EXT 2024"]
[Source "ChessBase"]
[SourceDate "2023.10.10"]
[SourceVersion "1"]
[SourceVersionDate "2023.10.10"]
[SourceQuality "1"]

1. c4 Nf6 2. Nf3 e6 3. g3 a6 4. Bg2 b5 5. d3 c5 6. 0-0 Bb7 7. b3 Be7 8. Bb2 0-0 9. Nbd2 d6 10. Qc2 Nbd7 11. Rad1 Qc7 12. Rfe1 Rac8 13. h3 Rfd8 14. e4 Qb8 15. Nf1 Qa8 16. Ne3 Bf8 17. Nh2 bxc4 18. Nxc4 Qb8 19. Qe2 Ne8 20. Ng4 e5 21. Nge3 g6 22. Rf1 Bg7 23. h4 Nf8 24. Bc3 Ne6 25. Bh3 Rc6 26. Nd5 Kh8 27. Ba5 Rd7 28. Ncb6 Rd8 29. Ne7 Rc7 30. Nbd5 Rxe7 31. Bxd8 Qxd8 32. Nxe7 Qxe7 33. Bxe6 Qxe6 34. Kg2 Nc7 35. h5 Nb5 36. hxg6 hxg6 37. Rh1+ Kg8 38. Rh4 Nd4 39. Qe3 Nf5 40. Qg5 Bf6 41. Qd2 Bxh4 42. gxh4 Nxh4+ 43. Kg3 Qf6 44. f4 Kg7 45. Rf1 exf4+ 46. Qxf4 Qxf4+ 47. Rxf4 g5 48. Rf1 Ng6 49. a3 Ne5 50. Rd1 Nc6 51. Rb1 a5 52. Kf3 Kf6 53. Ke3 Ke5 54. Rf1 Ke6 55. Rh1 Nd4 56. Rh6+ Ke7 57. Rh5 Nxb3 58. Rxg5 Nd4 59. Rg2 Bc6 60. Rb2 a4 61. Rb6 Kd7 62. Kd2 Nb3+ 63. Kc3 Kc7 64. Ra6 Kb7 0-1

[Event "San Sebastian op 36th"]
[Site "San Sebastian"]
[Date "2013.03.29"]
[Round "8"]
[White "Segovia Sanchez, Antonio"]
[Black "Arana Garate, Jon"]
[Result "1/2-1/2"]
[WhiteElo "2018"]
[BlackElo "1857"]
[PlyCount "181"]
[EventDate "2013.03.23"]
[EventType "swiss"]
[EventRounds "9"]
[EventCountry "ESP"]
[SourceTitle "CBM 153 Extra"]
[Source "ChessBase"]
[SourceDate "2013.04.22"]
[SourceVersion "1"]
[SourceVersionDate "2013.04.22"]
[SourceQuality "1"]

1. d4 Nf6 2. Bf4 g6 3. e3 Bg7 4. Nf3 0-0 5. Be2 d6 6. h3 Nbd7 7. 0-0 Ne4 8. Nbd2 f5 9. Bc4+ Kh8 10. Nxe4 fxe4 11. Ng5 Nf6 12. Nf7+ Rxf7 13. Bxf7 d5 14. Bg5 c6 15. f3 exf3 16. Qxf3 Qf8 17. e4 Nxe4 18. Be3 Bf6 19. g4 Qxf7 20. g5 Bf5 21. gxf6 exf6 22. Rae1 Qd7 23. Bh6 Re8 24. Re2 Nd6 25. Rfe1 Rxe2 26. Rxe2 Kg8 27. Kh2 Kf7 28. Bf4 Ne4 29. Qa3 g5 30. Bc1 h5 31. Qe3 h4 32. Rg2 Qd6+ 33. Kg1 Qe6 34. Kh2 Qd6+ 35. Kg1 Ng3 36. Rf2 Qe6 37. Kh2 Qxe3 38. Bxe3 Be4 39. Bxg5 Nf5 40. Bf4 Nxd4 41. Kg1 Nf3+ 42. Kf1 Ke6 43. Re2 Ng5 44. Re3 Kf5 45. Bb8 a6 46. Rb3 b5 47. Rc3 d4 48. Ra3 Bxc2 49. Ba7 Ke4 50. Bc5 d3 51. Bb4 Nf3 52. Rxa6 d2 53. Bxd2 Nxd2+ 54. Ke2 Nf3 55. Kf2 Nd4 56. Ra7 f5 57. Rh7 Nf3 58. Rc7 Ne5 59. Rh7 Nd3+ 60. Ke2 Nxb2 61. Kd2 Ba4 62. Rxh4+ f4 63. Rh7 Nc4+ 64. Ke2 Ne5 65. Re7 b4 66. h4 Bb5+ 67. Kf2 Kf5 68. h5 Ng4+ 69. Kf3 Kg5 70. Re4 Nf6 71. Rxb4 Nxh5 72. a4 Bd3 73. Rd4 Ba6 74. a5 Bb5 75. Rb4 Bd3 76. Rd4 Ba6 77. Rb4 Kf5 78. Rb6 Bd3 79. a6 Be4+ 80. Kf2 Nf6 81. Rb4 Bd5 82. a7 c5 83. Rb8 Ne4+ 84. Ke1 f3 85. a8Q Bxa8 86. Rxa8 c4 87. Rf8+ Ke5 88. Re8+ Kd4 89. Rd8+ Kc3 90. Re8 Kd4 91. Rd8+ 1/2-1/2

[Event "San Sebastian op 36th"]
[Site "San Sebastian"]
[Date "2013.03.23"]
[Round "1"]
[White "Arana Garate, Jon"]
[Black "Alsina Leal, Daniel"]
[Result "0-1"]
[WhiteElo "1857"]
[BlackElo "2515"]
[PlyCount "60"]
[EventDate "2013.03.23"]
[EventType "swiss"]
[EventRounds "9"]
[EventCountry "ESP"]
[SourceTitle "CBM 153 Extra"]
[Source "ChessBase"]
[SourceDate "2013.04.22"]
[SourceVersion "1"]
[SourceVersionDate "2013.04.22"]
[SourceQuality "1"]

1. d4 Nf6 2. Nf3 g6 3. Bf4 Bg7 4. e3 0-0 5. h3 d6 6. Be2 Nbd7 7. 0-0 b6 8. a4 a6 9. Nbd2 Bb7 10. b4 Nd5 11. Rb1 Nc3 12. Qe1 Nxb1 13. Qxb1 e5 14. dxe5 dxe5 15. Bg3 Qe7 16. Bc4 a5 17. bxa5 Rxa5 18. Bb3 Ba6 19. Rd1 Nc5 20. Bh4 Bf6 21. Bxf6 Qxf6 22. Qa1 Rd8 23. Rc1 Kg7 24. Qc3 Be2 25. Re1 Bxf3 26. Nxf3 e4 27. Nd4 Nxb3 28. Qxb3 Rda8 29. Nb5 Qe5 30. Qc3 Rxb5 0-1